00523nam a2200193 a 4500001001300000003000900013005001700022008004100039020002300080082001600103100002000119245003500139260004100174300000900215500003500224505002300259650002700282700002000309nice12345678IN_TiNIC20260116014342.0100107s2009 newa grp 000 0 eng  a9788184202045c75000a305.4bCHA1 aChaudhaary, S K aWorld Poverty and Human Rights aNew Delhi bSumit Enterprises c2009 a248p aincludes index and biblioraphy2 aBibliography Index aWomen and Human Rights1 aChaudhaary, S K